000 01137nam0a2200325 4500
001 RU\NLR\bibl\1167727
005 20260409072032.0
010 _a978-5-9221-0869-0
_91600
021 _aRU
_b2007-73549
_93961
035 _a(NLR Aleph) 001154434
090 _a1498152
_c1498152
100 _a20071213d2007 |||y0rusy50 ca
101 0 _arus
102 _aRU
105 _aa |||||||||
200 1 _aНанотехнологии и молекулярные компьютеры
_fН.Г. Рамбиди
210 _aМосква
_cФизматлит
_d2007
215 _a255 с.
_cил.
_d22
313 _aсделано как зап. 345554
320 _aБиблиогр.: с. 252-255
606 _aНанотехнологии
_3RU\NLR\auth\66830353
_91835426
606 1 _aВычислительные системы нейроподобные
_91636488
_3RU\NLR\auth\661021615
686 _aЗ844.1
686 _aЗ973.230.2
700 1 _aРамбиди
_bН. Г.
_gНиколай Георгиевич
_4070
801 0 _aRU
_bNLR
_c20071213
_gRCR
801 1 _aRU
_bNLR
_c20071213
942 _cBOOK
980 _aNB